01079nam0a22002411 4500001001100000005001700011021002300028021002000051035002600071100004100097101000800138102000700146105001800153200039000171210003000561215002000591300009700611320003000708702004000738801001800778801002200796852001900818rc\368179020250610061104.0 aRUb72-ОЭ-1009/4 aRUbРг5478-72 a(NLR Aleph) 007751591 a20130115d1972 |||y0rusy50 ca0 arus aRU ay z |||||1 aМетодические рекомендации в помощь пропагандистам при изучении темы "Влияние научно-технической революции на изменение социальной структуры советского общества"fДом полит. просвещения Минского обкома КПБ aМинскcБ. и.d1972 a[2], 28 с.d20 aНа обороте тит. л. подгот.: и. о. доц. Макиевский И.В. aБиблиогр.: с. 28 1aМакиевскийbИ.В.4570 0aRUbNLRgpsbo 1aRUbELAR2rusmarc aNLRj72-4/9166